French Vocabulary - Vegetables - Statistics

General Stats
  • This quiz has been taken 152 times
  • The average score is 10 of 15
Answer Stats
French English % Correct
Tomate Tomato
99%
Carotte Carrot
95%
Pomme de terre Potato
92%
Champignon Mushroom
82%
Maïs Corn
80%
Aubergine Eggplant
75%
Radis Radish
75%
Pois Pea
71%
Choufleur Cauliflower
68%
Laitue Lettuce
66%
Épinard Spinach
60%
Poivron Bell pepper
55%
Betterave Beetroot
40%
Poireau Leek
23%
Navet Turnip
15%
No matching quizzes found
Score Distribution
Percent of People with Each Score
Percentile by Number Answered
Your Score History
You have not taken this quiz